00795cam a22002057a 4500003000500000005001700005008004100022010001000063011001000073035001000083040000900093100002600102245005600128260010600184300000900290490006300299505015200362650001200514830006300526CHAP20220817042015.0971013s1984 r 00010 d a31629 a32601 a36716 cCHAP00aNavarro Saad, Miguel.14aThe group-theorical treatment of aberrating systems aMéxico, D. F. :bUNAM. Instituto de Investigaciones en Matemáticas Aplicadas y en Sistemas,c1984 a2 v. 0aComunicaciones técnicas. Serie naranja : investigaciones aContenido : v.1 Aligned lens systems in third aberration order.--v.2 Axis-symetric inhomogeneous systems and fiber optics in third aberration order14aOptica.0 aComunicaciones técnicas. Serie naranja : investigaciones